| 000 | 00765ngm a2200193 a 4500 | ||
|---|---|---|---|
| 005 | 20210223122337.0 | ||
| 008 | 991125s1993 mx 080 aaspa u | ||
| 035 | _aUPN01000033862 | ||
| 049 | _aAV | ||
| 050 | 4 | _aPVI G 0811 | |
| 110 | 2 | _aCompañía Nacional de Danza (México) | |
| 245 | 1 | 3 | _aEl lago de los cisnes. |
| 260 |
_aMéxico : _bINBA, _c1993. |
||
| 300 | _a1 videocasete (VHS) (80 min.) | ||
| 500 | _aGrabado en vivo desde la Isleta del Viejo Bosque de Chapultepec | ||
| 520 | _aEl lago de los cisnes, es una historia de amor y magia, en la que un príncipe lucha por vencer los espejismos y logra desencadenar a Odette, quien gracias a los embrujos de Von Rotbart fué transformada en un cisne | ||
| 650 | 4 |
_aBALLET _98654 |
|
| 905 | _aAudiovisuales | ||
| 999 |
_c33862 _d33862 |
||